[Event "29th North American Open"]
[Site "Las Vegas"]
[Date "2019.12.29"]
[Round "7.3"]
[White "Niemann, Hans Moke"]
[Black "Aoshima, Mirai"]
[Result "0-1"]
[WhiteElo "2471"]
[BlackElo "2361"]
[PlyCount "78"]
[EventDate "2019.12.??"]
[EventType "swiss"]
[EventRounds "9"]
[EventCountry "USA"]

1. d4 Nf6 2. c4 e6 3. Nf3 c5 4. d5 b5 5. dxe6 fxe6 6. cxb5 d5 7. g3 Be7 8. Bg2
a6 9. bxa6 O-O 10. O-O Nc6 11. Nbd2 Bxa6 12. Re1 Qd7 13. b3 e5 14. e4 dxe4 15.
Ng5 Rad8 16. Rb1 Qf5 17. b4 Nd4 18. b5 Bb7 19. Ngxe4 Nxe4 20. Nxe4 Bxe4 21.
Rxe4 Qxf2+ 22. Kh1 Nc2 23. Qg4 Ne1 24. Qe2 Rd1 25. Bd2 Rxd2 26. Rxe1 Rxe2 27.
R4xe2 Qd4 28. b6 Bd6 29. b7 h5 30. Re4 Qb2 31. R4e2 Qb5 32. Rd2 Bc7 33. Red1 e4
34. Rd7 Qxb7 35. Re7 Qb8 36. Bxe4 Bxg3 37. hxg3 Qxg3 38. Bd5+ Kh8 39. Ree1 Rf4
0-1

[Event "29th North American Open"]
[Site "Las Vegas"]
[Date "2019.12.29"]
[Round "7.4"]
[White "Bryant, John Daniel"]
[Black "Zhao, Ian"]
[Result "1/2-1/2"]
[WhiteElo "2422"]
[BlackElo "2320"]
[PlyCount "114"]
[EventDate "2019.12.??"]
[EventType "swiss"]
[EventRounds "9"]
[EventCountry "USA"]

1. e4 e5 2. Nf3 Nc6 3. Bb5 a6 4. Ba4 Nf6 5. O-O Be7 6. Re1 b5 7. Bb3 d6 8. c3
O-O 9. d4 Bg4 10. Be3 Re8 11. h3 Bh5 12. d5 Na5 13. Bc2 Nc4 14. Bc1 c6 15. dxc6
Qc7 16. Nbd2 Nxd2 17. Bxd2 Qxc6 18. Bg5 h6 19. Bxf6 Bxf6 20. Bb3 Qc5 21. g4 Bg6
22. Qd2 Bd8 23. a4 Rb8 24. axb5 axb5 25. Bd5 b4 26. cxb4 Qxb4 27. Qxb4 Rxb4 28.
Ra8 Rf8 29. b3 Bb6 30. Ra4 Rb5 31. Rea1 Rb8 32. Ra8 Bc5 33. Nh4 Kh7 34. Rxb8
Rxb8 35. Kg2 f6 36. Nxg6 Kxg6 37. h4 h5 38. f3 Kh6 39. Bf7 Rf8 40. Bd5 Rb8 41.
Kg3 Kg6 42. Ra6 Kh6 43. Rc6 Bb4 44. Rc7 hxg4 45. fxg4 Be1+ 46. Kh3 Bb4 47. Rc6
Rd8 48. Rc4 Rb8 49. Rc7 Ba5 50. Re7 Bb4 51. Re6 Kh7 52. g5 fxg5 53. hxg5 Rf8
54. Bc6 Rf3+ 55. Kg4 Rf4+ 56. Kh5 g6+ 57. Rxg6 Be1 1/2-1/2

[Event "29th North American Open"]
[Site "Las Vegas"]
[Date "2019.12.29"]
[Round "7"]
[White "Costello, Alexander"]
[Black "Paragua, Mark"]
[Result "0-1"]
[WhiteElo "2291"]
[BlackElo "2513"]
[PlyCount "68"]
[EventDate "2019.12.??"]
[EventType "swiss"]
[EventRounds "9"]
[EventCountry "USA"]

1. e4 c5 2. Nf3 d6 3. Bb5+ Nc6 4. O-O Bd7 5. c3 Nf6 6. Re1 a6 7. Bf1 e6 8. d4
cxd4 9. cxd4 d5 10. e5 Ne4 11. Nbd2 Nxd2 12. Bxd2 Be7 13. a4 O-O 14. Qb3 Rb8
15. Rec1 f6 16. exf6 Rxf6 17. Qe3 h6 18. Bd3 Be8 19. Ne5 Bd6 20. Ng4 Rf4 21.
Qxe6+ Bf7 22. Qe2 Rxd4 23. Bc3 Rxd3 24. Qxd3 d4 25. Rd1 Qg5 26. h3 dxc3 27.
Qxd6 Rd8 28. Qxd8+ Nxd8 29. bxc3 Ne6 30. Rab1 Nf4 31. Kh2 Bd5 32. g3 Nxh3 33.
Rb4 Nf4 34. f3 Bxf3 0-1

[Event "29th North American Open"]
[Site "Las Vegas"]
[Date "2019.12.29"]
[Round "7"]
[White "Lehmann, Spencer"]
[Black "Katz, Alexander"]
[Result "0-1"]
[WhiteElo "2236"]
[BlackElo "2404"]
[PlyCount "60"]
[EventDate "2019.12.??"]
[EventType "swiss"]
[EventRounds "9"]
[EventCountry "USA"]

1. d4 Nf6 2. c4 e6 3. Nc3 Bb4 4. f3 O-O 5. a3 Bxc3+ 6. bxc3 d5 7. cxd5 exd5 8.
e3 Nh5 9. Qc2 Re8 10. g4 Nf4 11. h4 h5 12. Qh2 Qf6 13. Kf2 Ne6 14. gxh5 c5 15.
Bb2 Nc6 16. Rd1 cxd4 17. cxd4 Nc5 18. Bb5 Ne4+ 19. Ke2 Nd6 20. Bd3 Bf5 21. Qf4
Bxd3+ 22. Kxd3 Nf5 23. e4 Ncxd4 24. exf5 Qa6+ 25. Kd2 Re2+ 26. Nxe2 Qxe2+ 27.
Kc3 Qc4+ 28. Kd2 Qc2+ 29. Ke3 Re8+ 30. Kxd4 Qc4# 0-1

[Event "29th North American Open"]
[Site "Las Vegas"]
[Date "2019.12.29"]
[Round "7"]
[White "Raptis, Nick"]
[Black "Daggupati, Balaji"]
[Result "1/2-1/2"]
[WhiteElo "2232"]
[BlackElo "2311"]
[PlyCount "89"]
[EventDate "2019.12.??"]
[EventType "swiss"]
[EventRounds "9"]
[EventCountry "USA"]

1. Nf3 d5 2. g3 Bg4 3. Bg2 c6 4. O-O Nd7 5. d4 Ngf6 6. Nbd2 e6 7. b3 Be7 8. Bb2
O-O 9. h3 Bh5 10. g4 Bg6 11. Nh4 Be4 12. Nhf3 Bg6 13. Nh4 Be4 14. Nhf3 Qc7 15.
Nxe4 Nxe4 16. Ne5 Nxe5 17. dxe5 f5 18. exf6 Bxf6 19. Bxf6 Nxf6 20. c4 Rad8 21.
Qc2 Qf7 22. e3 Nd7 23. f4 Qe7 24. cxd5 exd5 25. Rae1 Qb4 26. e4 d4 27. a3 Qxa3
28. Qc4+ Kh8 29. Qxd4 Nc5 30. Qc4 b5 31. Qc2 Qb4 32. Re3 Ne6 33. f5 Nd4 34. Qf2
c5 35. e5 c4 36. bxc4 bxc4 37. e6 Rde8 38. Re4 Nxe6 39. Rfe1 Nc7 40. Qxa7 Rc8
41. Re7 Nb5 42. Qd7 Rc7 43. Qe8 Rc8 44. Qd7 Rc7 45. Qe8 1/2-1/2

[Event "29th North American Open"]
[Site "Las Vegas"]
[Date "2019.12.29"]
[Round "7"]
[White "Andrews, Todd"]
[Black "Lee, Megan"]
[Result "1-0"]
[WhiteElo "2214"]
[BlackElo "2133"]
[PlyCount "109"]
[EventDate "2019.12.??"]
[EventType "swiss"]
[EventRounds "9"]
[EventCountry "USA"]

1. d4 Nf6 2. Bf4 d5 3. Nc3 a6 4. Qd3 e6 5. g4 Bb4 6. a3 Ba5 7. b4 Bb6 8. g5 Ne4
9. Na4 Ba7 10. Nf3 Bd7 11. Nc5 Bb5 12. Qe3 Bxc5 13. bxc5 c6 14. Bg2 Qa5+ 15.
Nd2 Qc3 16. Qxc3 Nxc3 17. e3 Nd7 18. Nb3 b6 19. Bd6 bxc5 20. dxc5 h6 21. Nd4
hxg5 22. a4 Nxa4 23. c4 Ndxc5 24. cxb5 cxb5 25. Nxb5 Kd7 26. Bxc5 Nxc5 27. Nd4
Rhb8 28. O-O Rb2 29. Ra5 Nb7 30. Ra3 a5 31. e4 e5 32. Nf3 f6 33. exd5 Kd6 34.
Rc1 e4 35. Nd4 Nc5 36. Nf5+ Kxd5 37. Rac3 Nb3 38. Rd1+ Nd2 39. Ne3+ Ke6 40.
Rc6+ Kf7 41. Rc7+ Kf8 42. Nf5 Re8 43. Ra7 Re5 44. Nd6 Rb1 45. Rxb1 Nxb1 46.
Bxe4 Re6 47. Ra8+ Ke7 48. Nf5+ Kd7 49. Ra7+ Kd8 50. Bxb1 Re1+ 51. Kg2 Rxb1 52.
Rxa5 g6 53. Ne3 Ke7 54. Ra7+ Kf8 55. Ra6 1-0

[Event "29th North American Open"]
[Site "Las Vegas"]
[Date "2019.12.29"]
[Round "7"]
[White "Findlay, Ian T"]
[Black "Chen, Ryo"]
[Result "1/2-1/2"]
[WhiteElo "2201"]
[BlackElo "1978"]
[PlyCount "143"]
[EventDate "2019.12.??"]
[EventType "swiss"]
[EventRounds "9"]
[EventCountry "USA"]

1. e4 c5 2. Nf3 d6 3. d4 cxd4 4. Nxd4 Nf6 5. Nc3 Nc6 6. Bg5 e6 7. Qd2 Qb6 8.
O-O-O Be7 9. f3 O-O 10. Be3 Qa5 11. Kb1 Rd8 12. Nd5 Qxd2 13. Nxe7+ Nxe7 14.
Rxd2 a6 15. Be2 Ng6 16. Nb3 Ne8 17. Rhd1 Bd7 18. Bc5 dxc5 19. Nxc5 Rdc8 20.
Nxd7 Rc6 21. g3 e5 22. h4 h5 23. a4 b6 24. b3 Nc7 25. Rd6 Rxd6 26. Rxd6 b5 27.
Nc5 bxa4 28. bxa4 a5 29. Rc6 Ra7 30. Bc4 Kf8 31. Rb6 Ke7 32. Rb7 Rxb7+ 33. Nxb7
Nf8 34. Nxa5 Nfe6 35. Nb3 f6 36. a5 Kd6 37. Kb2 g5 38. a6 Kc6 39. a7 Kb7 40.
Bxe6 Nxe6 41. Na5+ Kxa7 42. Nc6+ Kb7 43. Ne7 Nd4 44. Nd5 gxh4 45. gxh4 Nxf3 46.
Nxf6 Nxh4 47. Nxh5 Kc6 48. Kc3 Nf3 49. Kd3 Kc5 50. Nf6 Ng5 51. Nd7+ Kd6 52. Nb6
Kc5 53. Na4+ Kb4 54. Nc3 Kc5 55. Nd1 Nh3 56. Nb2 Kb4 57. c3+ Kc5 58. Ke2 Ng5
59. Ke3 Nf7 60. Kd3 Nd6 61. Nd1 Nf7 62. Ne3 Ng5 63. Nd5 Nh3 64. Nf6 Ng5 65.
Nd7+ Kd6 66. Nb6 Kc5 67. Na4+ Kd6 68. c4 Kc6 69. Ke3 Ne6 70. Nb2 Kc5 71. Nd3+
Kxc4 72. Nxe5+ 1/2-1/2

[Event "29th North American Open"]
[Site "Las Vegas"]
[Date "2019.12.29"]
[Round "7"]
[White "Wu, Derek"]
[Black "Li, Hanxiang"]
[Result "0-1"]
[WhiteElo "2039"]
[BlackElo "2095"]
[PlyCount "100"]
[EventDate "2019.12.??"]
[EventType "swiss"]
[EventRounds "9"]
[EventCountry "USA"]

1. d4 e6 2. c4 Nf6 3. Nc3 Bb4 4. Qc2 b6 5. e4 d6 6. Qa4+ Nc6 7. d5 Nxe4 8. Nge2
Nc5 9. Qc2 Ne7 10. a3 Bxc3+ 11. Nxc3 a5 12. Be2 O-O 13. O-O Nf5 14. Nb5 a4 15.
Bf4 e5 16. Bg4 g6 17. Bd2 Nb3 18. Rae1 Nfd4 19. Nxd4 Nxd4 20. Qd1 Bxg4 21. Qxg4
f5 22. Qd1 f4 23. Bc3 Nb3 24. Qg4 Qc8 25. Qg5 Qf5 26. Qh4 Rae8 27. Rd1 Qe4 28.
Rfe1 Qxc4 29. f3 Nc5 30. Qg4 Nd3 31. Re4 Qc5+ 32. Bd4 exd4 33. Rxe8 Rxe8 34.
Qd7 Rf8 35. Qe6+ Kg7 36. Rxd3 Qc1+ 37. Kf2 Qxb2+ 38. Kf1 Qb1+ 39. Ke2 Qc2+ 40.
Rd2 d3+ 41. Ke1 Qc1+ 42. Rd1 Qxa3 43. Qe4 Qc3+ 44. Kf1 d2 45. Qxa4 Qd3+ 46. Kg1
Qe3+ 47. Kf1 Re8 48. Qa1+ Kh6 49. h3 Qe2+ 50. Kg1 Qxd1+ 0-1

[Event "29th North American Open"]
[Site "Las Vegas"]
[Date "2019.12.29"]
[Round "7"]
[White "Maiti, Milind"]
[Black "Wu, Rochelle"]
[Result "1-0"]
[WhiteElo "1971"]
[BlackElo "2136"]
[PlyCount "49"]
[EventDate "2019.12.??"]
[EventType "swiss"]
[EventRounds "9"]
[EventCountry "USA"]

1. d4 d5 2. c4 c6 3. Nf3 Nf6 4. e3 Bf5 5. Nc3 e6 6. Nh4 Be4 7. f3 Bg6 8. Qb3
Qc7 9. Bd2 Be7 10. O-O-O Nfd7 11. Nxg6 hxg6 12. g3 a6 13. Kb1 dxc4 14. Bxc4 b5
15. Bd3 c5 16. Be4 c4 17. Qc2 Nc6 18. d5 Nb4 19. Nxb5 axb5 20. Bxb4 Bxb4 21.
dxe6 Nb6 22. Bxa8 Nxa8 23. Rd7 Qc6 24. Rxf7 Qxe6 25. Rxg7 1-0

[Event "29th North American Open"]
[Site "Las Vegas"]
[Date "2019.12.29"]
[Round "7"]
[White "Botez, Alexandra"]
[Black "Wu, Ethan"]
[Result "1-0"]
[WhiteElo "2062"]
[BlackElo "1862"]
[PlyCount "95"]
[EventDate "2019.12.??"]
[EventType "swiss"]
[EventRounds "9"]
[EventCountry "USA"]

1. d4 d5 2. Bf4 Nf6 3. e3 c5 4. c3 Nc6 5. Nf3 a6 6. dxc5 Bg4 7. Be2 Bxf3 8.
Bxf3 e5 9. Bg5 e4 10. Be2 Bxc5 11. Nd2 h6 12. Bh4 Be7 13. Nb3 O-O 14. Qd2 Qd7
15. O-O Rfd8 16. Rfd1 Qf5 17. Nd4 Nxd4 18. Qxd4 Rac8 19. Rd2 b5 20. Bxf6 Bxf6
21. Qb6 Qe6 22. Qa5 Be5 23. a4 Bc7 24. Qb4 a5 25. Qb3 b4 26. cxb4 axb4 27. Rad1
Be5 28. Qxb4 Rb8 29. Bb5 Rbc8 30. Qb3 g5 31. g3 g4 32. Qa2 Rc7 33. b4 Bc3 34.
Rxd5 Rxd5 35. Qxd5 Qxd5 36. Rxd5 Bxb4 37. Rd4 Rc1+ 38. Kg2 Be1 39. Rxe4 h5 40.
Rf4 Kg7 41. h3 gxh3+ 42. Kxh3 Rc2 43. Kg2 Bd2 44. Kf3 Be1 45. Be2 f6 46. Rh4
Ra2 47. Rh1 Bc3 48. Bb5 1-0

[Event "29th North American Open"]
[Site "Las Vegas"]
[Date "2019.12.28"]
[Round "6.1"]
[White "Ruiz Castillo, Joshua Daniel"]
[Black "Mitkov, Nikola"]
[Result "1/2-1/2"]
[WhiteElo "2497"]
[BlackElo "2508"]
[PlyCount "36"]
[EventDate "2019.12.??"]
[EventType "swiss"]
[EventRounds "9"]
[EventCountry "USA"]

1. e4 e5 2. Nf3 Nc6 3. Bb5 g6 4. O-O Bg7 5. c3 a6 6. Ba4 b5 7. Bb3 Nge7 8. d4
exd4 9. cxd4 Na5 10. Bc2 O-O 11. Nc3 d6 12. Bf4 Bg4 13. h3 Bxf3 14. Qxf3 Nec6
15. d5 Nd4 16. Qd1 Nc4 17. Bc1 Nxc2 18. Qxc2 f5 1/2-1/2

[Event "29th North American Open"]
[Site "Las Vegas"]
[Date "2019.12.28"]
[Round "6.2"]
[White "Gabuzyan, Hovhannes"]
[Black "Wang, Jason"]
[Result "1-0"]
[WhiteElo "2610"]
[BlackElo "2317"]
[PlyCount "103"]
[EventDate "2019.12.??"]
[EventType "swiss"]
[EventRounds "9"]
[EventCountry "USA"]

1. Nf3 d5 2. g3 Bg4 3. Bg2 Nd7 4. d4 c6 5. Nbd2 Ngf6 6. O-O e6 7. Re1 Be7 8. e4
O-O 9. c3 Bh5 10. e5 Ne8 11. Nb3 Nc7 12. Be3 a5 13. Nc1 c5 14. Nd3 cxd4 15.
cxd4 b5 16. Nf4 Bg6 17. Nxg6 hxg6 18. Rc1 b4 19. Bf1 Nb6 20. b3 Qd7 21. Bg5
Rfc8 22. Bd3 Ne8 23. Kg2 Rxc1 24. Bxc1 a4 25. h4 axb3 26. axb3 Ra1 27. Re2 Nc7
28. Qd2 Qc6 29. Bb2 Ra8 30. Qf4 Nb5 31. Qg4 Nc3 32. Rc2 Ra2 33. h5 gxh5 34.
Qxh5 g6 35. Bxg6 fxg6 36. Qxg6+ Kf8 37. Bc1 Bd8 38. Rxa2 Nxa2 39. Bh6+ Ke7 40.
Qg7+ Ke8 41. Ng5 Be7 42. Qf7+ Kd7 43. Bf8 Nc8 44. Nh7 Kc7 45. Bxe7 Qd7 46. Bd6+
Nxd6 47. exd6+ Kxd6 48. Qf8+ Qe7 49. Qb8+ Qc7 50. Qa8 Nc3 51. Nf6 Qf7 52. Qb8+
1-0

[Event "29th North American Open"]
[Site "Las Vegas"]
[Date "2019.12.28"]
[Round "6.3"]
[White "Aldama Degurnay, Dionisio"]
[Black "Izoria, Zviad"]
[Result "1/2-1/2"]
[WhiteElo "2411"]
[BlackElo "2599"]
[PlyCount "133"]
[EventDate "2019.12.??"]
[EventType "swiss"]
[EventRounds "9"]
[EventCountry "USA"]

1. b3 d5 2. Bb2 Nf6 3. e3 g6 4. Bxf6 exf6 5. d4 f5 6. g3 Nd7 7. Bg2 Nf6 8. Ne2
c6 9. O-O Be6 10. a3 Bd6 11. Nd2 Qe7 12. Qc1 h5 13. h4 Ne4 14. Nf3 g5 15. c4 f6
16. c5 Bc7 17. b4 Bd7 18. Rb1 Kf7 19. a4 a6 20. b5 cxb5 21. Nc3 Qe6 22. axb5
Ba5 23. Nxe4 fxe4 24. bxa6 exf3 25. Bxf3 Bc6 26. Rxb7+ Bxb7 27. axb7 Rad8 28.
hxg5 fxg5 29. e4 dxe4 30. Be2 Kg6 31. Qe3 Bc7 32. Ra1 Qf5 33. Bc4 Rhf8 34. Re1
h4 35. Qxe4 Qxe4 36. Rxe4 hxg3 37. fxg3 Bxg3 38. Kg2 Bb8 39. c6 Rf6 40. d5 Rf4
41. Re6+ Kf7 42. Ba2 Kf8 43. Rh6 Rh4 44. Rf6+ Kg7 45. c7 Bxc7 46. Rf7+ Kxf7 47.
d6+ Kf6 48. dxc7 Rhh8 49. cxd8=Q+ Rxd8 50. Bd5 Ke5 51. Bc6 Kf4 52. Bd7 g4 53.
Kf2 g3+ 54. Kg2 Rh8 55. Kg1 Kf3 56. Bc6+ Ke3 57. Bd7 Rd8 58. Kg2 Kf4 59. Kg1
Kf3 60. Bc6+ Kg4 61. Bd7+ Kf4 62. Kg2 Rh8 63. Kg1 Kf3 64. Bc6+ Ke3 65. Kg2 Kf4
66. Kg1 Rd8 67. Bd7 1/2-1/2

[Event "29th North American Open"]
[Site "Las Vegas"]
[Date "2019.12.28"]
[Round "6.4"]
[White "Zhao, Ian"]
[Black "Niemann, Hans Moke"]
[Result "1/2-1/2"]
[WhiteElo "2320"]
[BlackElo "2471"]
[PlyCount "147"]
[EventDate "2019.12.??"]
[EventType "swiss"]
[EventRounds "9"]
[EventCountry "USA"]

1. e4 g6 2. d4 Bg7 3. Nc3 d6 4. f4 a6 5. Nf3 b5 6. Bd3 Bb7 7. O-O Nd7 8. a4 c5
9. axb5 cxd4 10. Ne2 axb5 11. Rxa8 Qxa8 12. Nexd4 Bxe4 13. Nxb5 Bxf3 14. Qxf3
Qxf3 15. Rxf3 Nc5 16. Be2 Nf6 17. b4 Ne6 18. f5 gxf5 19. Rxf5 O-O 20. Be3 Ra8
21. Na7 Nd7 22. Bf3 Re8 23. b5 Nd4 24. Rg5 Nxc2 25. Bf2 h6 26. Rd5 Nb4 27. Rd1
Nc5 28. Nc6 Nxc6 29. Bxc6 Rb8 30. Kf1 Bc3 31. Ke2 Ba5 32. Bxc5 dxc5 33. Ra1 Bc7
34. Ra7 Bd6 35. Kd3 Kg7 36. Kc4 Kf6 37. h3 Ke5 38. Ra1 f5 39. Rf1 e6 40. Re1+
Kf6 41. Bd7 Be5 42. Kxc5 Rd8 43. Kc6 Rg8 44. Re2 Rg3 45. Rc2 Rd3 46. Bc8 Bg3
47. b6 Rd6+ 48. Kc5 Rd5+ 49. Kc6 Rd6+ 50. Kb5 Rd5+ 51. Ka6 Rd1 52. Ra2 Rb1 53.
b7 Bd6 54. Ka7 Re1 55. b8=Q Bxb8+ 56. Kxb8 e5 57. Kc7 e4 58. Rf2 Rc1+ 59. Kd8
Rc5 60. Re2 Ke5 61. Rf2 f4 62. Bg4 Rc3 63. Ke7 Rc7+ 64. Kf8 Ra7 65. Rb2 Kf6 66.
Rb6+ Kg5 67. Rb5+ Kh4 68. Rb4 h5 69. Rxe4 hxg4 70. Rxf4 Ra8+ 71. Kf7 Ra7+ 72.
Ke6 Ra6+ 73. Kd5 Ra5+ 74. Ke6 1/2-1/2

[Event "29th North American Open"]
[Site "Las Vegas"]
[Date "2019.12.29"]
[Round "6"]
[White "Katz, Alexander"]
[Black "Peng, Shunkai"]
[Result "1/2-1/2"]
[WhiteElo "2404"]
[BlackElo "2315"]
[PlyCount "62"]
[EventDate "2019.12.??"]
[EventType "swiss"]
[EventRounds "9"]
[EventCountry "USA"]

1. e4 c5 2. Nf3 d6 3. d4 cxd4 4. Nxd4 Nf6 5. Nc3 a6 6. h3 e5 7. Nde2 h5 8. g3
Nbd7 9. Bg2 b5 10. O-O Be7 11. a4 b4 12. Nd5 Nxd5 13. exd5 a5 14. c3 h4 15. g4
Ba6 16. Bd2 bxc3 17. Bxc3 O-O 18. Be4 Qc8 19. Re1 Nc5 20. Bf5 Qb7 21. Rb1 Nb3
22. Bc2 Bc4 23. Nf4 Bg5 24. Re4 Rfc8 25. Rxc4 Rxc4 26. Ne6 fxe6 27. Qd3 exd5
28. Qh7+ Kf7 29. Qh5+ Kg8 30. Qh7+ Kf7 31. Qh5+ Kg8 1/2-1/2

[Event "29th North American Open"]
[Site "Las Vegas"]
[Date "2019.12.29"]
[Round "6"]
[White "Aoshima, Mirai"]
[Black "Somalwar, Anaiy"]
[Result "1-0"]
[WhiteElo "2361"]
[BlackElo "2143"]
[PlyCount "73"]
[EventDate "2019.12.??"]
[EventType "swiss"]
[EventRounds "9"]
[EventCountry "USA"]

1. d4 d5 2. Nf3 Nf6 3. c4 e6 4. Nc3 Be7 5. Bf4 O-O 6. e3 c6 7. c5 b6 8. b4 Nbd7
9. Bd3 a5 10. a3 Ba6 11. Bxa6 Rxa6 12. O-O Qc8 13. h3 Qb7 14. Qc2 Rfa8 15. b5
cxb5 16. Nxb5 Rc8 17. Rab1 Qc6 18. Rfc1 bxc5 19. dxc5 Bxc5 20. Qd3 Ne8 21. Ne5
Nxe5 22. Bxe5 Qd7 23. Nc7 Rc6 24. Nb5 Nd6 25. Rxc5 Rxc5 26. Nxd6 Rc1+ 27. Kh2
Rxb1 28. Qxb1 Rf8 29. Nb7 f6 30. Bg3 Qa4 31. Qb6 e5 32. Qe6+ Kh8 33. Nd6 h6 34.
f4 d4 35. Qe7 Ra8 36. fxe5 d3 37. exf6 1-0

[Event "29th North American Open"]
[Site "Las Vegas"]
[Date "2019.12.29"]
[Round "6"]
[White "Wang, Henry"]
[Black "Raptis, Nick"]
[Result "0-1"]
[WhiteElo "2044"]
[BlackElo "2232"]
[PlyCount "86"]
[EventDate "2019.12.??"]
[EventType "swiss"]
[EventRounds "9"]
[EventCountry "USA"]

1. c4 g6 2. g3 Bg7 3. Bg2 f5 4. Nc3 Nf6 5. Nf3 d6 6. d3 O-O 7. O-O Nc6 8. Rb1
a5 9. a3 e5 10. Bg5 h6 11. Bxf6 Qxf6 12. Nd5 Qd8 13. b4 axb4 14. axb4 Ne7 15.
Nd2 Kh7 16. Qc2 c6 17. Nxe7 Qxe7 18. b5 c5 19. e3 Be6 20. Ra1 Qf7 21. Ra4 g5
22. Qa2 Rad8 23. Ra7 Rd7 24. Ra8 g4 25. Rxf8 Qxf8 26. f4 exf4 27. Rxf4 h5 28.
Nf1 Be5 29. Rf2 Rf7 30. Bd5 Qe7 31. Qd2 Qf6 32. Bxe6 Qxe6 33. d4 Bg7 34. Qd3
Bh6 35. e4 fxe4 36. Rxf7+ Kg6 37. d5 Qe5 38. Qa3 Kxf7 39. Qa8 Qd4+ 40. Kg2 Qb2+
41. Kg1 e3 42. Qxb7+ Kg6 43. Kh1 Qf2 0-1

[Event "29th North American Open"]
[Site "Las Vegas"]
[Date "2019.12.29"]
[Round "6"]
[White "Liu, Bovey"]
[Black "Wu, Derek"]
[Result "1-0"]
[WhiteElo "2230"]
[BlackElo "2039"]
[PlyCount "67"]
[EventDate "2019.12.??"]
[EventType "swiss"]
[EventRounds "9"]
[EventCountry "USA"]

1. e4 c5 2. Nf3 d6 3. Bb5+ Nd7 4. d4 cxd4 5. Qxd4 a6 6. Bxd7+ Bxd7 7. Bg5 Rc8
8. Nc3 h6 9. Bh4 e5 10. Qd3 g5 11. Bg3 Nf6 12. h4 g4 13. Nd2 b5 14. a3 Qb6 15.
O-O a5 16. Rfd1 b4 17. axb4 axb4 18. Na4 Qc6 19. c3 bxc3 20. Nxc3 Be7 21. Nf1
O-O 22. Ne3 Be6 23. Ncd5 Bxd5 24. exd5 e4 25. dxc6 exd3 26. Nf5 Bd8 27. Bxd6
Re8 28. Rac1 Ne4 29. Rxd3 Re6 30. c7 Nxd6 31. cxd8=Q+ Rxd8 32. Rcd1 Nxf5 33.
Rxd8+ Kg7 34. g3 1-0

[Event "29th North American Open"]
[Site "Las Vegas"]
[Date "2019.12.29"]
[Round "6"]
[White "Kretchetov, Alexandre"]
[Black "Narkeeran, Madhavan"]
[Result "1-0"]
[WhiteElo "2220"]
[BlackElo "1962"]
[PlyCount "91"]
[EventDate "2019.12.??"]
[EventType "swiss"]
[EventRounds "9"]
[EventCountry "USA"]

1. Nf3 e6 2. c4 f5 3. Nc3 Nf6 4. g3 Be7 5. Bg2 O-O 6. O-O d6 7. d3 e5 8. e4 Nc6
9. h3 Qe8 10. exf5 Bxf5 11. d4 Rd8 12. d5 Nb4 13. a3 Na6 14. Be3 h6 15. b4 Qh5
16. Nh4 Qxd1 17. Rfxd1 Bh7 18. Nb5 e4 19. Bf1 g5 20. Ng2 Nd7 21. Ne1 Bf6 22.
Rab1 Ne5 23. Nxa7 Rde8 24. Nb5 Nf3+ 25. Nxf3 exf3 26. Bd3 Bxd3 27. Rxd3 Re4 28.
Rc1 b6 29. Nd4 Bxd4 30. Rxd4 Rfe8 31. Rcd1 R4e7 32. h4 Kh7 33. hxg5 hxg5 34.
Bxg5 Re1+ 35. Rxe1 Rxe1+ 36. Kh2 Kg6 37. Be3 Re2 38. Rg4+ Kh7 39. Rf4 Ra2 40.
Rf8 Kg7 41. Rc8 Rxa3 42. Ra8 Ra4 43. b5 Nc5 44. Rxa4 Nxa4 45. Bd4+ Kg6 46. g4
1-0

[Event "29th North American Open"]
[Site "Las Vegas"]
[Date "2019.12.28"]
[Round "6"]
[White "Kondakov, Adrian"]
[Black "Andrews, Todd"]
[Result "0-1"]
[WhiteElo "1918"]
[BlackElo "2214"]
[PlyCount "62"]
[EventDate "2019.12.??"]
[EventType "swiss"]
[EventRounds "9"]
[EventCountry "USA"]

1. e4 e6 2. d4 d5 3. Nc3 Bb4 4. e5 c5 5. a3 Bxc3+ 6. bxc3 Ne7 7. Qg4 Qc7 8.
Qxg7 Rg8 9. Qxh7 cxd4 10. Ne2 Nbc6 11. f4 Bd7 12. Qd3 dxc3 13. Rb1 Nf5 14. h3
d4 15. g4 Nh4 16. Qh7 Nf3+ 17. Kf2 O-O-O 18. Kxf3 Nxe5+ 19. fxe5 Bc6+ 20. Kf2
Bxh1 21. Ng3 Qxe5 22. Nxh1 Qh2+ 23. Bg2 Rxg4 24. hxg4 Qxh7 25. Kg3 Qxc2 26. Ra1
d3 27. Bg5 d2 28. Bxd8 Qd3+ 29. Bf3 c2 30. Nf2 Qd6+ 31. Kg2 c1=Q 0-1

[Event "29th North American Open"]
[Site "Las Vegas"]
[Date "2019.12.29"]
[Round "6"]
[White "Lu, Ming"]
[Black "Findlay, Ian T"]
[Result "1/2-1/2"]
[WhiteElo "2078"]
[BlackElo "2201"]
[PlyCount "84"]
[EventDate "2019.12.??"]
[EventType "swiss"]
[EventRounds "9"]
[EventCountry "USA"]

1. c4 e6 2. Nf3 Nf6 3. g3 d5 4. Bg2 Be7 5. O-O O-O 6. b3 c5 7. cxd5 Nxd5 8. Bb2
Nc6 9. d4 Bf6 10. e4 Ndb4 11. a3 Na6 12. e5 Be7 13. Nbd2 cxd4 14. b4 Nc7 15.
Nb3 a5 16. bxa5 Nxa5 17. Nxa5 Rxa5 18. Nxd4 Nd5 19. Qb3 Ra6 20. Rfd1 Qb6 21.
Qc2 g6 22. h4 Bd7 23. Qd2 Rfa8 24. Rab1 Qc7 25. h5 Rb6 26. hxg6 hxg6 27. Bxd5
exd5 28. e6 Bxe6 29. Qh6 Bf6 30. Nxe6 Rxe6 31. Bxf6 Rxf6 32. Rb4 Qc5 33. Rf1
Qf8 34. Qh3 Rf5 35. Rh4 Qg7 36. g4 Rf4 37. Kg2 Qd4 38. f3 Rxa3 39. Rf2 Rb3 40.
Qh2 g5 41. Re2 gxh4 42. Qxh4 Rb2 1/2-1/2

[Event "29th North American Open"]
[Site "Las Vegas"]
[Date "2019.12.29"]
[Round "6"]
[White "Maiti, Milind"]
[Black "Polavaram, Rithik"]
[Result "1/2-1/2"]
[WhiteElo "1971"]
[BlackElo "2100"]
[PlyCount "128"]
[EventDate "2019.12.??"]
[EventType "swiss"]
[EventRounds "9"]
[EventCountry "USA"]

1. d4 Nf6 2. c4 e6 3. Nc3 Bb4 4. Qc2 O-O 5. a3 Bxc3+ 6. Qxc3 Ne4 7. Qc2 f5 8.
Nf3 b6 9. g3 Bb7 10. Bg2 Qc8 11. O-O d6 12. b4 c5 13. Bb2 cxb4 14. axb4 Nd7 15.
Rac1 a5 16. bxa5 Rxa5 17. Nd2 Nxd2 18. Qxd2 Bxg2 19. Kxg2 Nf6 20. f3 Qc6 21.
Rc2 Qc7 22. Qe3 Re8 23. Qb3 Kh8 24. Bc3 Raa8 25. Ra1 Rxa1 26. Bxa1 h6 27. Bb2
Nd7 28. Qd3 Rf8 29. Rd2 Rf7 30. Qb3 Re7 31. Ba3 Re8 32. Qb4 Rc8 33. Rc2 d5 34.
c5 bxc5 35. dxc5 Ne5 36. Bb2 Nc4 37. Bd4 e5 38. Bf2 e4 39. Bd4 exf3+ 40. exf3
f4 41. Qe1 Qc6 42. Qe7 Ne3+ 43. Bxe3 fxe3 44. Qxe3 Kh7 45. Qd4 Kh8 46. Qb4 Kh7
47. Qc3 Kh8 48. Re2 Rc7 49. Rc2 Rc8 50. Rc1 Kh7 51. Qd3+ Kg8 52. Qd4 Kh7 53.
Rc2 Kg8 54. h4 Kh7 55. Qf4 Qg6 56. Rc1 Qc6 57. Qf5+ Kg8 58. Qf4 Qe6 59. Rc2 Qg6
60. Qa4 d4 61. Qc4+ Kh8 62. Rd2 Qf5 63. Rxd4 Rb8 64. Rd2 Qf6 1/2-1/2

[Event "29th North American Open"]
[Site "Las Vegas"]
[Date "2019.12.28"]
[Round "6"]
[White "Gutla, Aryan"]
[Black "Botez, Alexandra"]
[Result "1-0"]
[WhiteElo "1834"]
[BlackElo "2062"]
[PlyCount "85"]
[EventDate "2019.12.??"]
[EventType "swiss"]
[EventRounds "9"]
[EventCountry "USA"]

1. e4 e6 2. d4 d5 3. Nc3 Nf6 4. e5 Nfd7 5. f4 c5 6. Nf3 Nc6 7. Be3 a6 8. Qd2 b5
9. a3 Qb6 10. Ne2 c4 11. c3 a5 12. g4 Ne7 13. Bh3 h5 14. g5 g6 15. f5 Nxf5 16.
Bxf5 exf5 17. Nf4 Bg7 18. O-O Qc6 19. e6 Nf8 20. exf7+ Kxf7 21. Rae1 Ne6 22.
Nxe6 Bxe6 23. Bf4 Rhe8 24. Be5 Qb7 25. Bxg7 Kxg7 26. Re5 Rab8 27. Rfe1 Kf7 28.
Nh4 Qc6 29. Qe2 b4 30. Ng2 bxc3 31. bxc3 Bd7 32. Qf3 Rb3 33. Nf4 Rxe5 34. Rxe5
Rxa3 35. Nxh5 Ra1+ 36. Kg2 Ra2+ 37. Kg3 a4 38. Nf4 Rc2 39. h4 a3 40. h5 a2 41.
hxg6+ Kg8 42. Qh5 Rxc3+ 43. Kh4 1-0